| 000 | 01025nam a22002897a 4500 | ||
|---|---|---|---|
| 999 |
_c28144 _d28115 |
||
| 003 | EG-ScBUE | ||
| 005 | 20200218120602.0 | ||
| 008 | 200218s2018 ii f 000 0 eng d | ||
| 020 | _a9789386418487 | ||
| 040 |
_aEG-ScBUE _beng _erda _cEG-ScBUE _dEG-ScBUE |
||
| 082 | 0 | 4 |
_a576 _bGUN _222 |
| 100 | 1 |
_aGunasekaran, P, _eauthor. _911755 |
|
| 245 | 1 | 0 |
_aLaboratory manual in microbiology / _cP Gunasekaran, senior professor, Depatment of Genetics, School of Biological Sciences, Madurai Kamaraj University, Madurai, Tamil Nadu. |
| 250 | _aSecond edition. | ||
| 264 | 1 |
_aNew Delhi : _bNew Age International (P) Limited, Publishers, _c2018. |
|
| 300 |
_aix, 125 pages ; _c24 cm. |
||
| 336 |
_2rdacontent _atext _btxt |
||
| 337 |
_2rdamedia _aunmediated _bn |
||
| 338 |
_2rdacarrier _avolume _bnc |
||
| 490 | 0 | _aNew age | |
| 500 | _aIncludes appendix. | ||
| 650 | 7 |
_aMicrobiology _vLaboratory manuals. _2BuEsh |
|
| 653 |
_bPPhrm _cFebruary2020 |
||
| 655 |
_vReading book _934232 |
||
| 942 |
_2ddc _cBB |
||